[Event "XVII Profigaia Open 2017"]
[Site "Gaia"]
[Date "2017.06.15"]
[Round "2"]
[White "Donghi, Fabio"]
[Black "Triunfante, Armando"]
[Result "0-1"]
[WhiteElo "1519"]
[BlackElo "1231"]
[Annotator "NA"]
[PlyCount "70"]
[EventDate "2017.??.??"]
[EventType "swiss"]
[EventCountry "POR"]
[SourceTitle "playchess.com"]
[Source "ChessBase"]
[SourceQuality "1"]
[TimeControl "5400+30"]

1. c4 {[%emt 0:00:00]} Nf6 {[%emt 0:00:46]} 2. d4 {[%emt 0:00:08]} d5 {[%emt 0:00:14]} 3. Nc3 {[%emt 0:00:31]} e6 {[%emt 0:00:33]} 4. Nf3 {[%emt 0:00:43]} h6 {[%emt 0:00:37]} 5. Bf4 {[%emt 0:01:01]} Bb4 6. Qc2 O-O {[%emt 0:06:23]} 7. g3 {[%emt 0:02:14]} c5 {[%emt 0:03:14]} 8. Bg2 {[%emt 0:03:25]} cxd4 {[%emt 0:00:45]} 9. Nxd4 {[%emt 0:01:33]} Qb6 {[%emt 0:00:54]} 10. Be3 {[%emt 0:03:56]} e5 {[%emt 0:01:48]} 11. Nf5 {[%emt 0:02:48]} d4 {[%emt 0:00:26]} 12. Bxh6 {[%emt 0:02:40]} Bxf5 {[%emt 0:09:02]} 13. Qxf5 {[%emt 0:01:06]} gxh6 {[%emt 0:00:11]} 14. O-O {[%emt 0:01:07]} dxc3 {[%emt 0:00:47]} 15. bxc3 {[%emt 0:00:45]} Bxc3 {[%emt 0:05:34]} 16. Rab1 {[%emt 0:00:29]} Bb4 {[%emt 0:09:31]} 17. a3 {[%emt 0:00:37]} a5 {[%emt 0:00:19]} 18. Rb2 {[%emt 0:02:42]} Nbd7 {[%emt 0:04:56]} 19. axb4 {[%emt 0:01:50]} a4 {[%emt 0:00:38]} 20. Ra2 {[%emt 0:01:19]} Qxb4 {[%emt 0:00:23]} 21. Rd1 {[%emt 0:01:37]} Qxc4 {[%emt 0:05:28]} 22. Be4 {[%emt 0:03:32]} Qxa2 {[%emt 0:07:30]} 23. Rxd7 {[%emt 0:00:16]} Qe6 {[%emt 0:01:02]} 24. Qxe6 {[%emt 0:00:59]} fxe6 {[%emt 0:00:24]} 25. Bb1 {[%emt 0:01:05]} Nxd7 {[%emt 0:00:12]} 26. Ba2 {[%emt 0:01:02]} b5 {[%emt 0:00:30]} 27. Bxe6+ {[%emt 0:00:13]} Rf7 {[%emt 0:00:18]} 28. Bxf7+ {[%emt 0:00:32]} Kxf7 {[%emt 0:00:15]} 29. Kf1 {[%emt 0:00:08]} a3 {[%emt 0:00:07]} 30. Ke1 {[%emt 0:00:09]} a2 {[%emt 0:00:04]} 31. Kd2 {[%emt 0:00:14]} a1=Q {[%emt 0:00:15]} 32. f4 {[%emt 0:00:32]} exf4 {[%emt 0:00:42]} 33. gxf4 {[%emt 0:01:35]} Qd4+ 34. Kc2 Ra2+ {[%emt 0:02:01]} 35. Kb3 {[%emt 0:01:07]} Qb2# {[%emt 0:00:35]} 0-1

[Event "XVII Profigaia Open 2017"]
[Site "Gaia"]
[Date "2017.06.15"]
[Round "2"]
[White "Moreira, Rafael Mota"]
[Black "Sousa, Hugo Carneiro"]
[Result "0-1"]
[WhiteElo "1478"]
[BlackElo "1877"]
[Annotator "NA"]
[PlyCount "94"]
[EventDate "2017.??.??"]
[EventType "swiss"]
[EventCountry "POR"]
[SourceTitle "playchess.com"]
[Source "ChessBase"]
[SourceQuality "1"]
[TimeControl "5400+30"]

1. e4 e6 2. d4 d5 3. exd5 exd5 4. Nf3 Nf6 5. Bd3 c5 6. dxc5 Bxc5 7. Qe2+ {C01: French: Exchange Variation} (7. O-O O-O 8. Nc3 Nc6 9. Bg5 h6 10. Bh4 Be6 11. a3 Be7 12. Re1 Qb6 13. b4 a6 14. Rb1 Qc7 15. Bg3 Bd6 16. Bxd6 Qxd6 17. Na4 {½-½ (52) Spraggett,K (2539)-Del Rio de Angelis,S (2527) Figueira da Foz 2016}) 7... Be6 8. O-O O-O 9. Bg5 {[%emt 0:22:20]} Nc6 {[%emt 0:11:12]} 10. Nc3 {[%emt 0:03:04]} Re8 {[%emt 0:03:36]} 11. Qd1 $146 {[%emt 0:06:26]} ({Predecessor:} 11. Qd2 Bb4 12. Qf4 Be7 13. Nb5 Rb8 14. c3 h6 15. Bxf6 Bxf6 {½-½ (33) Lopez de Turiso,J (2065)-Ramirez Garcia,J (2177) Madrid 2012}) 11... h6 {[%emt 0:15:44]} 12. Bh4 {[%emt 0:02:57]} g5 {[%emt 0:10:25]} 13. Bg3 {[%emt 0:04:56]} Bg4 {[%emt 0:01:45]} 14. Be2 {[%emt 0:02:39]} Qd7 {[%emt 0:02:51]} 15. Ne5 {[%emt 0:06:34]} Nxe5 {[%emt 0:02:36]} 16. Bxe5 {[%emt 0:00:47]} Rxe5 {[%emt 0:00:26]} 17. Bxg4 {[%emt 0:02:04]} Nxg4 {[%emt 0:01:15]} 18. Qf3 {[%emt 0:01:43]} Qf5 {[%emt 0:03:02]} 19. Rae1 {[%emt 0:03:28]} Qxf3 {[%emt 0:00:42]} 20. gxf3 {[%emt 0:00:17]} Rxe1 {[%emt 0:00:17]} 21. fxg4 {[%emt 0:00:38]} Rxf1+ {[%emt 0:00:10]} 22. Kxf1 {[%emt 0:00:06]} Rd8 {[%emt 0:00:10]} 23. Na4 {[%emt 0:00:26]} b6 {[%emt 0:00:09]} 24. Nc3 {[%emt 0:00:12]} Kg7 {[%emt 0:00:29]} 25. Nb5 {[%emt 0:00:11]} a6 {[%emt 0:00:30]} 26. Nc7 {[%emt 0:00:22]} a5 {[%emt 0:01:27]} 27. Nb5 {[%emt 0:00:08]} Rd7 {[%emt 0:00:17]} 28. a3 {[%emt 0:00:33]} Kg6 {[%emt 0:00:22]} 29. c3 {[%emt 0:00:23]} Bd6 {[%emt 0:00:17]} 30. Kg2 {[%emt 0:00:26]} Be5 {[%emt 0:00:10]} 31. h3 {[%emt 0:00:49]} f5 {[%emt 0:00:22]} 32. f3 {[%emt 0:00:09]} fxg4 {[%emt 0:00:13]} 33. hxg4 {[%emt 0:00:23]} d4 {[%emt 0:00:31]} 34. cxd4 {[%emt 0:00:11]} Bxd4 {[%emt 0:00:07]} 35. b4 {[%emt 0:00:29]} axb4 {[%emt 0:00:07]} 36. axb4 {[%emt 0:00:08]} Bb2 {[%emt 0:00:24]} 37. Kg3 {[%emt 0:00:20]} Be5+ {[%emt 0:00:30]} 38. Kf2 {[%emt 0:00:13]} Bf4 {[%emt 0:00:28]} 39. Nc3 {[%emt 0:00:27]} Rd2+ {[%emt 0:00:30]} 40. Ke1 {[%emt 0:00:28]} Rd4 {[%emt 0:01:01]} 41. b5 {[%emt 0:00:19]} Bd2+ {[%emt 0:00:11]} 42. Kf2 {[%emt 0:00:16]} Bxc3 {[%emt 0:00:06]} 43. Kg3 {[%emt 0:00:09]} Rb4 {[%emt 0:00:28]} 44. Kh3 {[%emt 0:00:13]} Rb2 {[%emt 0:00:27]} 45. f4 {[%emt 0:00:14]} gxf4 {[%emt 0:00:25]} 46. g5 {[%emt 0:00:24]} h5 {[%emt 0:00:12]} 47. Kh4 {[%emt 0:00:22]} Rh2# 0-1

[Event "XVII Profigaia Open 2017"]
[Site "Gaia"]
[Date "2017.06.15"]
[Round "2"]
[White "Clemente, Antonio"]
[Black "Jesus, Joao Pedro Mendes D"]
[Result "0-1"]
[WhiteElo "1393"]
[BlackElo "1868"]
[Annotator "NA"]
[PlyCount "60"]
[EventDate "2017.??.??"]
[EventType "swiss"]
[EventCountry "POR"]
[SourceTitle "playchess.com"]
[Source "ChessBase"]
[SourceQuality "1"]
[TimeControl "5400+30"]

{[%evp 8,54,-8,-25,0,-34,-22,-56,-13,32767,32767,32767,32767,32767,32767,-45,-43,32767,-14,-48,-28,-57,-54,32767,-50,32767,32767,-63,32767,32767,32767,32767,32767,-257,32767,-242,32767,32767,32767,32767,32767,32767,-128,-135,-147,-170,32767,-137,-168]} 1. c4 Nf6 2. Nc3 e6 3. d3 d5 {A17: English Opening: 1...Nf6 with ...Bb4} 4. cxd5 (4. Qc2 d4 5. Nd1 Nc6 6. g3 Bb4+ 7. Bd2 a5 8. Bg2 O-O 9. Nf3 e5 10. a3 Bc5 11. Bg5 {0-1 (51) Daudzvardis,J (2114)-Bernotas,A (2393) Riga 2017}) 4... exd5 5. d4 {LiveBook: 114 Games} c6 6. Nf3 Bd6 7. e3 Bg4 8. Be2 Qc7 $146 ({Predecessor:} 8... Nbd7 9. Nh4 Bxe2 10. Qxe2 g6 11. Nf3 {½-½ (59) Jakubowski,K (1334)-Petersohn,H (1688) Uckley 2000}) 9. h3 Bh5 10. a3 a5 11. b3 Nbd7 12. Bb2 Nf8 13. Rc1 (13. b4 $5) 13... Qe7 14. Ra1 (14. Nb1) 14... Ne6 15. O-O O-O (15... Bxf3 $5 16. Bxf3 Ng5 $11) 16. Re1 Nd7 17. Kh1 f5 18. Nb1 Nf6 19. Nbd2 Ne4 20. Nxe4 fxe4 21. Ne5 Bxe2 22. Qxe2 Bxe5 23. dxe5 Nc5 24. Qc2 Nd3 25. Rf1 Qh4 26. Kg1 $19 Rf5 27. Rad1 Raf8 28. Rd2 Rg5 29. Kh2 Rh5 30. e6 Rf3 0-1

[Event "XVII Profigaia Open 2017"]
[Site "Gaia"]
[Date "2017.06.15"]
[Round "2"]
[White "Camelo, Joao"]
[Black "Silva, Ana Ines Teixeira D"]
[Result "1-0"]
[WhiteElo "1300"]
[BlackElo "1775"]
[Annotator "NA"]
[PlyCount "101"]
[EventDate "2017.??.??"]
[EventType "swiss"]
[EventCountry "POR"]
[SourceTitle "playchess.com"]
[Source "ChessBase"]
[SourceQuality "1"]
[TimeControl "5400+30"]

1. e4 {[%emt 0:00:00]} c6 {[%emt 0:00:08]} 2. d4 {[%emt 0:00:00]} d5 {[%emt 0:00:04]} 3. Nc3 {[%emt 0:00:13]} dxe4 {[%emt 0:00:18]} 4. Nxe4 {[%emt 0:00:10]} Nd7 {[%emt 0:00:03]} 5. Nf3 {[%emt 0:01:08]} Ngf6 {[%emt 0:00:07]} 6. Nxf6+ {[%emt 0:03:54]} Nxf6 {[%emt 0:00:17]} 7. Bd3 {[%emt 0:02:52]} Bg4 {[%emt 0:01:32]} 8. c3 {[%emt 0:00:43]} e6 {[%emt 0:01:40]} 9. Bf4 {[%emt 0:01:37]} Bd6 {[%emt 0:02:33]} 10. Bxd6 {[%emt 0:03:35]} Qxd6 {[%emt 0:00:10]} 11. O-O {[%emt 0:00:16]} O-O {[%emt 0:01:59]} 12. h3 {[%emt 0:01:07]} Bh5 {[%emt 0:01:17]} 13. Re1 {[%emt 0:04:04]} Rfd8 {[%emt 0:04:50]} 14. g4 {[%emt 0:14:26]} Bg6 {[%emt 0:03:58]} 15. Bxg6 {[%emt 0:01:43]} hxg6 {[%emt 0:00:11]} 16. Qd2 {[%emt 0:01:01]} c5 {[%emt 0:18:33]} 17. Rad1 {[%emt 0:03:58]} Qd5 {[%emt 0:03:27]} 18. Qe2 {[%emt 0:05:00]} Qxa2 {[%emt 0:16:20]} 19. dxc5 {[%emt 0:02:51]} Qa5 {[%emt 0:05:09]} 20. Qc4 {[%emt 0:08:28]} Qc7 {[%emt 0:04:36]} 21. Rd4 {[%emt 0:04:50]} Rd5 {[%emt 0:07:34]} 22. Red1 {[%emt 0:06:19]} Rxc5 {[%emt 0:04:19]} 23. Qb3 {[%emt 0:04:16]} Rd5 {[%emt 0:08:30]} 24. c4 {[%emt 0:06:40]} Rxd4 {[%emt 0:01:29]} 25. Rxd4 {[%emt 0:02:10]} b6 {[%emt 0:05:59]} 26. Qe3 {[%emt 0:06:43]} Nd7 {[%emt 0:04:53]} 27. Ng5 {[%emt 0:02:21]} Re8 {[%emt 0:01:15]} 28. Qf3 {[%emt 0:01:09]} Nf6 {[%emt 0:00:40]} 29. b3 {[%emt 0:00:58]} e5 {[%emt 0:01:32]} 30. Rd2 {[%emt 0:02:02]} e4 {[%emt 0:01:12]} 31. Qe3 {[%emt 0:00:56]} Qe5 {[%emt 0:00:33]} 32. f3 {[%emt 0:02:52]} Qa1+ {[%emt 0:00:37]} 33. Kg2 {[%emt 0:00:33]} exf3+ {[%emt 0:00:13]} 34. Qxf3 {[%emt 0:00:01]} Qe1 {[%emt 0:00:43]} 35. Rf2 {[%emt 0:02:01]} Qe5 {[%emt 0:00:36]} 36. h4 {[%emt 0:01:23]} Qe3 {[%emt 0:00:26]} 37. Qb7 {[%emt 0:01:14]} Qe7 {[%emt 0:00:30]} 38. Qf3 {[%emt 0:00:19]} Ne4 {[%emt 0:00:41]} 39. Re2 {[%emt 0:00:50]} f5 {[%emt 0:00:29]} 40. gxf5 {[%emt 0:00:25]} Nxg5 {[%emt 0:00:30]} 41. Rxe7 {[%emt 0:02:16]} Nxf3 {[%emt 0:00:08]} 42. Rxe8+ {[%emt 0:00:44]} Kf7 {[%emt 0:00:05]} 43. fxg6+ {[%emt 0:00:20]} Kxe8 {[%emt 0:00:16]} 44. Kxf3 {[%emt 0:00:02]} Ke7 {[%emt 0:00:22]} 45. Ke4 {[%emt 0:00:36]} Kf6 {[%emt 0:00:19]} 46. b4 {[%emt 0:00:36]} a5 {[%emt 0:01:19]} 47. c5 {[%emt 0:00:37]} a4 {[%emt 0:00:29]} 48. cxb6 {[%emt 0:00:17]} a3 {[%emt 0:00:05]} 49. b7 {[%emt 0:00:20]} a2 {[%emt 0:00:06]} 50. b8=Q {[%emt 0:00:14]} a1=Q {[%emt 0:00:10]} 51. Qd6# {[%emt 0:00:32]} 1-0

[Event "XVII Profigaia Open 2017"]
[Site "Gaia"]
[Date "2017.06.15"]
[Round "3"]
[White "Petkov, Vladimir"]
[Black "Silva, Mariana Sofia T"]
[Result "1-0"]
[WhiteElo "2484"]
[BlackElo "1922"]
[Annotator "TA"]
[PlyCount "47"]
[EventDate "2017.??.??"]
[EventType "swiss"]
[EventCountry "POR"]
[SourceTitle "playchess.com"]
[Source "ChessBase"]
[SourceQuality "1"]

{[%evp 9,47,-5,4,0,0,-4,35,0,-11,-37,-8,-16,-20,-36,-49,-61,-62,-112,-76,-102,-16,-17,0,0,0,11,26,0,0,18,63,0,296,318,1383,1353,29986,29985,29996,29997]} 1. d4 Nf6 2. Bf4 g6 3. Nc3 d5 4. Qd2 Bg7 5. Bh6 O-O 6. Bxg7 {D01: Veresov Opening} (6. h4 c5 7. Bxg7 Kxg7 8. e3 cxd4 9. exd4 h5 10. Bd3 Nc6 11. Nge2 Nb4 12. Nf4 Qb6 13. Nce2 Nxd3+ 14. cxd3 {½-½ (48) Naroditsky,D (2646)-Shankland,S (2674) chess.com INT 2017}) 6... Kxg7 7. O-O-O Nbd7 (7... c5 $5) 8. h4 $146 {White is slightly better.} ({Predecessor:} 8. f3 c6 9. e4 dxe4 10. fxe4 Qa5 11. Nf3 e5 12. Bc4 exd4 13. Qxd4 {1-0 (37) Perske,T (2277)-Hecht,C (2173) Hannover 2014}) 8... h5 9. Nh3 c6 10. f3 b5 {[%cal Bb7b5,Bb5b4][%mdl 32]} 11. e4 b4 12. Ne2 dxe4 13. Nef4 Nb6 14. Ng5 e3 ({Better is} 14... exf3 $17 15. gxf3 Bf5) 15. Qxe3 $11 Nbd5 16. Nxd5 cxd5 17. Bd3 a5 18. Rde1 $36 {[%mdl 2048] White has some pressure.} Ra7 $1 19. g4 {[%cal Bg2g4,Bg4h5][%mdl 32] Strongly threatening Reg1.} Qc7 20. Reg1 (20. Kb1 $14) 20... Ba6 $2 {[%mdl 8192]} (20... Rg8 $1 $11 {and Black has nothing to worry.}) 21. Bxg6 $18 Qd7 $2 (21... Bc8) 22. Bf5 {[#] White wants to mate with Ne6+!} e6 23. gxh5 exf5 24. Ne6+ {Precision: White = 63%, Black = 41%.} 1-0

[Event "XVII Profigaia Open 2017"]
[Site "Gaia"]
[Date "2017.06.15"]
[Round "3"]
[White "Frois, Antonio"]
[Black "Areal, Pedro"]
[Result "1-0"]
[WhiteElo "2278"]
[BlackElo "1771"]
[Annotator "TA"]
[PlyCount "51"]
[EventDate "2017.??.??"]
[EventType "swiss"]
[EventCountry "POR"]
[SourceTitle "playchess.com"]
[Source "ChessBase"]
[SourceQuality "1"]

{[%evp 17,51,91,83,76,91,85,88,25,8,17,57,65,268,156,559,135,888,858,1128,1127,1326,1152,1101,868,843,850,1259,1253,1237,1220,1262,1243,1222,1217,1762,1727]} 1. Nf3 Nf6 2. c4 b6 3. g3 Bb7 4. Bg2 e6 5. O-O Be7 6. Nc3 O-O 7. d4 c5 8. d5 d6 9. dxe6 fxe6 10. Bh3 {E18: Queen's Indian: Old Main Line (4 g3 Bb7 5 Bg2 Be7 6 0-0 0-0 7 Nc3)} e5 11. Ng5 Qe8 12. Ne6 (12. e3 $16) (12. e3 Qg6 13. Ne6 Rc8 14. f4 Nbd7 15. f5 Qf7 16. Qe2 h6 17. e4 Nf8 18. Nxf8 Bxf8 {1-0 (45) Yu,Z (2365)-Rodrigue Lemieux,S (2058) Montreal 2016}) 12... Qh5 $11 ({Avoid the trap} 12... Qc6 $2 13. e4 $16) 13. Bg2 $1 {[%cal Rg2b7]} Bxg2 $146 ({Predecessor:} 13... Ng4 14. h3 Bxg2 15. Kxg2 Nxf2 16. Rxf2 Rxf2+ 17. Kxf2 Qf7+ 18. Nf4 exf4 19. Bxf4 Qxc4 20. Qh1 d5 21. Nxd5 {1-0 (21) Korelov,A-Blattner,K ICCF corr 1977}) 14. Kxg2 Ng4 $2 {[#]} ({Black should play} 14... Rc8 $1 $14) 15. Nxf8 (15. h4 $18 Nd7 16. Nxf8 Rxf8 17. Qd5+ Qf7 18. Qxf7+ Kxf7 19. b3) 15... Qxh2+ $16 16. Kf3 {[%cal Bg2f3,Bf3g4,Bg4f4,Bf4e4,Be4e3,Be3d3][%mdl 32]} e4+ $2 {[%mdl 8192]} (16... Nc6 $16 17. Qd5+ (17. Kxg4 $2 Rxf8 18. Qd5+ Kh8 $19) 17... Kh8 18. Nxh7 (18. Qxc6 Rxf8+ 19. Ke4 Qg2+ 20. f3 Qxf1 $17) (18. Ne6 $2 Nd4+ 19. Nxd4 Rf8+ 20. Ke4 Nf6+ 21. Kd3 Nxd5 $19) 18... Qh3 19. Qxc6 Nh2+ 20. Ke3 (20. Ke4 $2 Qxh7+ 21. Ke3 Nxf1+ 22. Kf3 Qh1+ 23. Kg4 Qxc6 $19) 20... Nxf1+ 21. Kd3 Qxh7+ 22. Qe4 Nh2) 17. Kxg4 $18 {White is clearly winning.} h5+ 18. Kf4 g5+ 19. Kxe4 Qg2+ 20. Ke3 {[#] And now Ng6 would win.} Kxf8 21. Rg1 Qh3 22. Qd5 Nc6 23. Qxc6 Re8 24. Kd3 Qf5+ 25. Qe4 Qxf2 26. Be3 1-0

[Event "XVII Profigaia Open 2017"]
[Site "Gaia"]
[Date "2017.06.15"]
[Round "3"]
[White "Santos, Ricardo"]
[Black "Silva, Luis Neves Da"]
[Result "0-1"]
[WhiteElo "2088"]
[BlackElo "2317"]
[Annotator "TA"]
[PlyCount "84"]
[EventDate "2017.??.??"]
[EventType "swiss"]
[EventCountry "POR"]
[SourceTitle "playchess.com"]
[Source "ChessBase"]
[SourceQuality "1"]

{[%evp 12,84,31,41,45,21,25,35,58,33,42,0,19,-12,-10,-13,0,-58,-45,-128,-101,-104,-83,-216,-208,-248,-244,-229,-202,-342,-213,-239,-225,-216,-214,-259,-252,-365,-353,-525,-520,-753,-747,-709,-686,-674,-682,-655,-665,-993,-997,-963,-953,-941,-920,-1088,-735,-1981,-1901,-5389,-5131,-29989,-29990,-29990,-29988,-29988,-29989,-29989,-29990,-29991,-29992,-29992,-29992,-29994,-29992]} 1. e4 c5 2. Nf3 d6 3. d4 cxd4 4. Nxd4 Nf6 5. Nc3 a6 6. h3 e6 7. g4 Nfd7 {B81: Sicilian Scheveningen: Keres Attack} 8. Bg2 (8. g5 b5 9. a3 Bb7 10. Be3 Nc6 11. h4 Be7 12. Qe2 Nde5 13. O-O-O Nc4 14. Nxc6 Bxc6 15. Bd4 {0-1 (43) Sethuraman,S (2633)-Yu,Y (2743) Chengdu 2017}) 8... Nc6 9. Be3 Qc7 {White is slightly better.} 10. O-O Be7 11. Qd2 O-O 12. f4 Nxd4 13. Bxd4 b5 $146 ({Predecessor:} 13... Re8 14. Rad1 Bf8 15. Kh1 b5 16. Ne2 Bb7 17. Ng3 {½-½ (37) Djukic,N (2519)-Ermenkov,E (2465) Dresden 2008}) 14. e5 (14. f5 $11) 14... dxe5 $15 15. Bxa8 (15. fxe5 $15 Bb7 16. Bxb7 Qxb7 17. a3) 15... exd4 $17 16. Nd1 e5 {[%mdl 1024] Black has strong compensation.} 17. Nf2 {[#]} (17. Kh1 $17) 17... Nb6 $1 $19 {[%cal Rb6a8,Bd7b6,Bb6c4,Bc4e3][%mdl 32]} ({Not} 17... exf4 18. Nd3 $15) 18. Bf3 Nc4 ({Weaker is} 18... exf4 19. b3 $15) 19. Qe2 Ne3 20. Rfc1 (20. f5 {is a better defense.}) 20... exf4 21. c3 Qb6 22. cxd4 Qxd4 23. Rc3 Be6 24. Qd3 (24. Rac1 {might work better.}) 24... Qf6 25. a4 (25. Qe2 $142) 25... Qh4 26. Bg2 b4 27. Rc7 Qg3 {[%csl Ge3][%cal Rg3g2]} 28. Qe4 Bd6 ({Worse is} 28... Qxg2+ 29. Qxg2 Nxg2 30. Rxe7 $11) 29. Nh1 Qh4 30. Rc2 Nxc2 31. Qxc2 Rc8 32. Qe4 h5 33. Rd1 Bc7 34. Qxb4 hxg4 35. hxg4 Bxg4 {( -> ...f3)} 36. Qb7 {[#]} f3 $1 {Black mates.} 37. Bxf3 Qh2+ 38. Kf1 Bh3+ 39. Bg2 Qxh1+ 40. Kf2 Qxd1 41. Bxh3 Qc2+ 42. Kf3 Rd8 {Precision: White = 17%, Black = 74%.} 0-1

[Event "XVII Profigaia Open 2017"]
[Site "Gaia"]
[Date "2017.06.15"]
[Round "3"]
[White "Margarido, Jose Miguel Teixeir"]
[Black "Camelo, Joao"]
[Result "1-0"]
[WhiteElo "2038"]
[BlackElo "1300"]
[Annotator "NA RC"]
[PlyCount "49"]
[EventDate "2017.??.??"]
[EventType "swiss"]
[EventCountry "POR"]
[SourceTitle "playchess.com"]
[Source "ChessBase"]
[SourceQuality "1"]
[TimeControl "5400+30"]

{[%evp 14,48,23,-14,32767,32767,32767,-12,-5,-7,52,32767,16,0,8,-19,77,76,106,97,111,0,144,23,148,107,117,87,424,434,419,445,1164,1306,32767,32767,29999]} 1. e4 {[%emt 0:01:27]} c5 {[%emt 0:00:11]} 2. Nf3 {[%emt 0:00:10]} Nc6 {[%emt 0:00:17]} 3. b3 {[%emt 0:02:34]} d6 {[%emt 0:01:17]} 4. Bb5 {[%emt 0:01:27]} Bd7 {[%emt 0:00:54]} 5. O-O {[%emt 0:00:51] B50: Sicilian: 2...d6, Miscellaneous} Nf6 {[%emt 0:00:27]} 6. Re1 {[%emt 0:00:30]} g6 {[%emt 0:00:34]} 7. Bb2 {[%emt 0:00:26]} Bg7 {[%emt 0:00:17]} 8. h3 $146 {[%emt 0:00:35]} ({Predecessor:} 8. d4 cxd4 9. Nxd4 O-O 10. Bxc6 bxc6 11. c4 c5 12. Nc2 a5 13. a4 Qb8 {0-1 (64) Gergacz,A (2417)-Groszpeter,A (2530) Zalakaros 2010}) 8... O-O {[%emt 0:00:28]} 9. Bf1 {[%emt 0:01:03]} Qc7 {[%emt 0:03:28]} 10. c3 {[%emt 0:07:20]} Rad8 {[%emt 0:03:31]} 11. d3 {[%emt 0:03:04]} Be8 {[%emt 0:02:13]} (11... e5 $11) 12. c4 {[%emt 0:03:39]} Nh5 {[%emt 0:02:44]} 13. Bxg7 {[%emt 0:01:57]} Nxg7 {[%emt 0:00:02]} 14. d4 {[%emt 0:00:13]} a6 {[%emt 0:00:33]} (14... cxd4 $11 {keeps the balance.} 15. Nxd4 Ne6) 15. d5 {[%emt 0:04:45]} Nb8 {[%emt 0:02:59]} 16. Nc3 {[%emt 0:01:02]} e6 {[%emt 0:03:48]} 17. dxe6 {[%emt 0:06:08]} ({White should try} 17. Qd2 $16) 17... Nxe6 {[%emt 0:02:35]} (17... fxe6 $11 18. Qc1 Nc6) 18. Qd2 {[%emt 0:02:16]} (18. Nd5 $16 Qa5 19. a3) 18... Kg7 {[%emt 0:01:27]} (18... f6 $11 {keeps the balance.}) 19. Nd5 {[%emt 0:03:19]} Qd7 {[%emt 0:03:25]} 20. e5 {[%emt 0:10:55]} dxe5 $2 {[%emt 0:03:00]} (20... Nc6 $1 $14) 21. Nxe5 {[%emt 0:00:29]} Qd6 {[%emt 0:00:25]} 22. Ng4 {[%emt 0:00:56]} f5 $18 {[%emt 0:06:35] [#]} (22... Qf4 $142 23. Qxf4 (23. Nxf4 Rxd2 24. Rxe6 h5 $16) 23... Nxf4 24. Nxf4 Nc6) 23. Rxe6 $1 {[%emt 0:09:33]} Qxe6 {[%emt 0:04:47]} 24. Qc3+ {[%emt 0:00:14]} Kg8 {[%emt 0:00:14]} 25. Nh6# 1-0